[Event "II Liga SSCS 2015 - Istok"]
[Site "VRNJAÈKA BANJA - Hotel "]
[Date "2015.08.30"]
[Round "4.4"]
[White "NADJ HEDJESI, Balind"]
[Black "DJOKIC, Nebojsa"]
[Result "1-0"]
[WhiteElo "2399"]
[BlackElo "2204"]
[PlyCount "68"]
[EventDate "2015.08.28"]

1. e4 c5 2. Ne2 Nc6 3. d4 cxd4 4. Nxd4 Nf6 5. Nc3 e5 6. Ndb5 d6 7. Bg5 a6 8.
Bxf6 gxf6 9. Na3 b5 10. Nd5 f5 11. Bd3 Be6 12. Qh5 Rg8 13. g3 Rc8 14. c3 Rg4
15. Qxh7 Rg6 16. Qh5 b4 17. Nc2 bxc3 18. bxc3 f4 19. Qe2 Bh3 20. Bxa6 Rb8 21.
Ncb4 Na7 22. Qc4 Bh6 23. gxf4 Bg2 24. Rg1 Bxe4 25. O-O-O Bxd5 26. Nxd5 Qa5 27.
a4 Qc5 28. Qxc5 dxc5 29. Rxg6 fxg6 30. Re1 Kd7 31. Kc2 Kd6 32. Rd1 Nc6 33. Bb5
exf4 34. Nf6+ Ke7 1-0

[Event "II Liga SSCS 2015 - Istok"]
[Site "VRNJAÈKA BANJA - Hotel "]
[Date "2015.08.30"]
[Round "4.4"]
[White "JOVANOVIC, Aleksandar D"]
[Black "RADUSINOVIC, Lazar  *"]
[Result "0-1"]
[WhiteElo "2195"]
[BlackElo "2339"]
[PlyCount "86"]
[EventDate "2015.08.28"]

1. d4 d5 2. c4 c6 3. e3 Nf6 4. Nc3 e6 5. Nf3 Nbd7 6. b3 Bd6 7. Be2 O-O 8. O-O
Re8 9. Bb2 dxc4 10. bxc4 e5 11. Qc2 exd4 12. exd4 Nf8 13. Ne5 c5 14. Nb5 cxd4
15. Nxd6 Rxe5 16. c5 Ne6 17. Ba3 Nd7 18. Nc4 Rxc5 19. Bxc5 Ndxc5 20. Rad1 Bd7
21. Qf5 Bb5 22. Rfe1 Qf6 23. Nd6 Qxf5 24. Nxf5 d3 25. Bf3 Rd8 26. Rd2 g6 27.
Ng3 Bc4 28. Bd1 b5 29. Ne4 Nxe4 30. Rxe4 f5 31. Re3 Kf7 32. Kf1 Kf6 33. f3 a5
34. Kf2 a4 35. g3 Nc5 36. Ke1 g5 37. f4 Ne4 38. fxg5+ Kxg5 39. a3 Nxd2 40. Kxd2
b4 41. axb4 a3 42. Kc3 a2 43. Kb2 Rb8 0-1

[Event "II Liga SSCS 2015 - Istok"]
[Site "VRNJAÈKA BANJA - Hotel "]
[Date "2015.08.30"]
[Round "4.4"]
[White "RAVIC, Nenad"]
[Black "ILIC, Aleksandar"]
[Result "1/2-1/2"]
[WhiteElo "2316"]
[BlackElo "2147"]
[PlyCount "46"]
[EventDate "2015.08.28"]

1. e4 c5 2. Nf3 d6 3. d4 cxd4 4. Nxd4 Nf6 5. Nc3 a6 6. Bc4 e6 7. Bb3 Nbd7 8.
Bg5 Nc5 9. f4 Qc7 10. Qf3 Be7 11. O-O-O O-O 12. Rhe1 b5 13. Bd5 Nxd5 14. exd5
Bxg5 15. fxg5 e5 16. Nc6 f5 17. Rxe5 dxe5 18. d6 e4 19. Nxe4 fxe4 20. Qxf8+
Kxf8 21. dxc7 Ne6 22. Rd8+ Kf7 23. Ne5+ Ke7 1/2-1/2

[Event "II Liga SSCS 2015 - Istok"]
[Site "VRNJAÈKA BANJA - Hotel "]
[Date "2015.08.30"]
[Round "4.4"]
[White "DJUKIC, Slobodan D"]
[Black "ELEZ, Nikola  *"]
[Result "1/2-1/2"]
[WhiteElo "2127"]
[BlackElo "2222"]
[PlyCount "30"]
[EventDate "2015.08.28"]

1. e4 c5 2. Nf3 d6 3. d4 cxd4 4. Nxd4 Nf6 5. Nc3 g6 6. Be3 Bg7 7. f3 O-O 8. Qd2
Nc6 9. Bc4 Bd7 10. O-O-O Rb8 11. Bb3 Na5 12. Bh6 b5 13. Bxg7 Kxg7 14. Nd5 Nxb3+
15. Nxb3 Nxd5 1/2-1/2

[Event "II Liga SSCS 2015 - Istok"]
[Site "VRNJAÈKA BANJA - Hotel "]
[Date "2015.08.30"]
[Round "4.4"]
[White "LUKIC, Dragan M"]
[Black "MADJAR, Stanislav"]
[Result "1/2-1/2"]
[WhiteElo "2287"]
[BlackElo "2166"]
[PlyCount "26"]
[EventDate "2015.08.28"]

1. e4 Nf6 2. e5 Nd5 3. d4 d6 4. Nf3 dxe5 5. Nxe5 c6 6. Be2 Bf5 7. O-O Nd7 8.
Nf3 e6 9. c4 Nb4 10. Nc3 Nc2 11. Rb1 Nb4 12. Ra1 Nc2 13. Rb1 Nb4 1/2-1/2

[Event "II Liga SSCS 2015 - Istok"]
[Site "VRNJAÈKA BANJA - Hotel "]
[Date "2015.08.30"]
[Round "4.4"]
[White "PETROVIC, Tijana  **"]
[Black "Kuzmanovic, Aleksa"]
[Result "1-0"]
[WhiteElo "1769"]
[BlackElo "2059"]
[PlyCount "77"]
[EventDate "2015.08.28"]

1. Nf3 Nf6 2. c4 g6 3. Nc3 d5 4. d4 Bg7 5. e3 O-O 6. Be2 dxc4 7. Bxc4 c5 8. O-O
a6 9. a4 Nc6 10. Be2 Bg4 11. d5 Na5 12. e4 Qc7 13. Nd2 Bd7 14. f4 e5 15. Nf3
exf4 16. d6 Qb6 17. e5 Ng4 18. Nd5 Qb3 19. Bxf4 Rae8 20. Ne7+ Kh8 21. Qc1 Qb4
22. Bd1 Nxe5 23. Bxe5 Bxe5 24. Rb1 Bxd6 25. Nd5 Qc4 26. Qg5 f5 27. Nb6 Qf7 28.
Qd2 Re6 29. Qxa5 Bc7 30. Qc3+ Rf6 31. Nxd7 Qxd7 32. Bb3 b5 33. axb5 axb5 34.
Rbd1 Qc6 35. Bd5 Qb6 36. Kh1 b4 37. Qc4 Rd8 38. Ng5 Kg7 39. Ne6+ 1-0

[Event "II Liga SSCS 2015 - Istok"]
[Site "VRNJAÈKA BANJA - Hotel "]
[Date "2015.08.30"]
[Round "4.5"]
[White "RADOSAVLJEVIC, Slobodan D"]
[Black "MARJANOVIC, Dejan  **"]
[Result "1/2-1/2"]
[WhiteElo "2174"]
[BlackElo "2316"]
[PlyCount "30"]
[EventDate "2015.08.28"]

1. g3 g6 2. Bg2 Bg7 3. c4 c5 4. Nc3 Nc6 5. d3 d6 6. Nf3 Bf5 7. Bd2 Nf6 8. Rb1
Qc8 9. h3 O-O 10. a3 Rb8 11. b4 b6 12. Qc1 Re8 13. Bh6 Bh8 14. g4 Bd7 15. O-O
e5 1/2-1/2

[Event "II Liga SSCS 2015 - Istok"]
[Site "VRNJAÈKA BANJA - Hotel "]
[Date "2015.08.30"]
[Round "4.5"]
[White "POPOVIC, Djordje D"]
[Black "TRIFUNOVIC, Miroljub"]
[Result "1/2-1/2"]
[WhiteElo "2244"]
[BlackElo "2209"]
[PlyCount "28"]
[EventDate "2015.08.28"]

1. d4 Nf6 2. c4 e6 3. Nc3 d5 4. cxd5 exd5 5. Bg5 c6 6. e3 Be7 7. Qc2 Nbd7 8.
Bd3 O-O 9. Nf3 Re8 10. O-O Nf8 11. Rab1 a5 12. a3 Be6 13. b4 axb4 14. axb4 N6d7
1/2-1/2

[Event "II Liga SSCS 2015 - Istok"]
[Site "VRNJAÈKA BANJA - Hotel "]
[Date "2015.08.30"]
[Round "4.5"]
[White "ZAFIROVSKI, Mite"]
[Black "STEFANOVIC, Vladimir"]
[Result "1/2-1/2"]
[WhiteElo "2257"]
[BlackElo "2217"]
[PlyCount "24"]
[EventDate "2015.08.28"]

1. d4 Nf6 2. c4 c5 3. d5 g6 4. Nc3 Bg7 5. Nf3 O-O 6. g3 d6 7. Bg2 e6 8. O-O
exd5 9. cxd5 a6 10. a4 Nbd7 11. Bf4 Qc7 12. Rc1 Nh5 1/2-1/2

[Event "II Liga SSCS 2015 - Istok"]
[Site "VRNJAÈKA BANJA - Hotel "]
[Date "2015.08.30"]
[Round "4.5"]
[White "IVIC, Matija  **"]
[Black "MAKSIMOVIC, Boban"]
[Result "1/2-1/2"]
[WhiteElo "2172"]
[BlackElo "2216"]
[PlyCount "66"]
[EventDate "2015.08.28"]

1. d4 e6 2. Nf3 Nf6 3. g3 b6 4. Bg2 Bb7 5. O-O Be7 6. c4 O-O 7. Bf4 d6 8. Nc3
Nbd7 9. Qc2 Nh5 $11 10. Ng5 Bxg5 11. Bxg5 Qxg5 12. Bxb7 Rab8 13. Bf3 a5 14. Nb5
Rbc8 15. Qa4 Nb8 16. Rac1 g6 17. a3 Qe7 18. Na7 Rcd8 19. Qb5 Nf6 20. c5 Qd7 21.
Qxd7 Rxd7 22. cxb6 cxb6 23. Nc8 b5 24. Rc2 d5 25. Rfc1 Rfd8 26. Nb6 Rb7 27. Na8
Nc6 28. Rxc6 Rxa8 29. e3 Ne4 30. R1c2 Kg7 31. Be2 Rd8 32. Rc7 Rdb8 33. R7c6 Rb6
1/2-1/2

[Event "II Liga SSCS 2015 - Istok"]
[Site "VRNJAÈKA BANJA - Hotel "]
[Date "2015.08.30"]
[Round "4.5"]
[White "VASIC, Milena  *"]
[Black "PETROVIC, Petar R  **"]
[Result "1-0"]
[WhiteElo "2136"]
[BlackElo "1968"]
[PlyCount "59"]
[EventDate "2015.08.28"]

1. d4 d5 2. Nf3 Nf6 3. g3 e6 4. Bg2 Be7 5. O-O O-O 6. b3 Ne4 7. Bb2 c5 8. e3
Nc6 9. Nbd2 Nxd2 10. Qxd2 Bd7 11. c4 dxc4 12. bxc4 cxd4 13. exd4 Rc8 14. Rac1
Bb4 15. Qd3 Qa5 16. h4 Be7 17. a3 Rfd8 18. Qe3 Bf6 19. Rfd1 Ne7 20. g4 Ba4 21.
Re1 Qb6 22. Ba1 Nc6 23. Rb1 Qa6 24. g5 Be7 25. Nd2 Bc2 26. Rbc1 Bf5 27. d5 Na5
28. c5 Bf8 29. Bf1 Bxc5 30. Rxc5 1-0

[Event "II Liga SSCS 2015 - Istok"]
[Site "VRNJAÈKA BANJA - Hotel "]
[Date "2015.08.30"]
[Round "4.5"]
[White "IVANOVIC, Zoran M"]
[Black "MILOSEVIC, Jovana  **"]
[Result "1/2-1/2"]
[WhiteElo "2100"]
[BlackElo "2119"]
[PlyCount "164"]
[EventDate "2015.08.28"]

1. e4 d6 2. d4 Nf6 3. Nc3 e5 4. dxe5 dxe5 5. Qxd8+ Kxd8 6. Bc4 Ke8 7. Nf3 Bd6
8. Bg5 Nbd7 9. O-O h6 10. Bh4 Nh5 11. Nb5 g5 12. Bg3 Ke7 13. Rad1 f6 14. Nxd6
cxd6 15. Nd2 Nb6 16. Bb3 Be6 17. f3 Nxg3 18. hxg3 d5 19. c3 Rhd8 20. exd5 Nxd5
21. Kf2 a5 22. Ba4 Rac8 23. Rh1 Nb6 24. Bb3 a4 25. Bxe6 Kxe6 26. Ne4 Rxd1 27.
Rxd1 Nc4 28. g4 Rc6 29. b3 axb3 30. axb3 Nb6 31. c4 Nd7 32. Rd5 b6 33. Rb5 Rc8
34. Nc3 Kd6 35. Rd5+ Ke6 36. Ne4 Rc6 37. Rb5 Rc8 38. Ke3 Ra8 39. Kd3 Ra2 40.
Nd2 Ra1 41. Ne4 Ra2 42. g3 Ra1 43. Ke2 Ra2+ 44. Ke3 Ra1 45. Rd5 Re1+ 46. Kf2
Rb1 47. Rd3 Rb2+ 48. Ke3 Ke7 49. f4 exf4+ 50. gxf4 Rg2 51. Kf3 Rg1 52. Re3 gxf4
53. Kxf4 Ne5 54. Ng3 Kf7 55. Kf5 Rg2 56. Rc3 Rf2+ 57. Ke4 Nxg4 58. b4 Kg6 59.
c5 f5+ 60. Kd5 Rd2+ 61. Kc4 bxc5 62. bxc5 Ne5+ 63. Kb3 Nc6 64. Kc4 f4 65. Nf1
Rf2 66. Rc1 f3 67. Kd5 Nb4+ 68. Ke4 Kg5 69. Ne3 Ra2 70. Kxf3 Nc6 71. Ke4 Rd2
72. Rg1+ Kf6 73. Nd5+ Kf7 74. Rf1+ Ke8 75. Nf4 Rd4+ 76. Ke3 Rc4 77. Nd3 Ke7 78.
Rh1 Nb4 79. Nxb4 Rxb4 80. Kd3 Kd7 81. Rxh6 Kc7 82. Kc3 Rg4 1/2-1/2

[Event "II Liga SSCS 2015 - Istok"]
[Site "VRNJAÈKA BANJA - Hotel "]
[Date "2015.08.30"]
[Round "4.5"]
[White "TURUDIC, Nenad"]
[Black "JOVANOVIC, Darko"]
[Result "1-0"]
[WhiteElo "2205"]
[BlackElo "1949"]
[PlyCount "75"]
[EventDate "2015.08.28"]

1. e4 c5 2. Nf3 d6 3. c3 Nf6 4. Bd3 Nc6 5. h3 e5 6. O-O Be7 7. Bc2 Qc7 8. Na3
a6 9. d4 O-O 10. d5 Nd8 11. Nc4 Ne8 12. Ne3 g6 13. Nh2 Ng7 14. f4 f6 15. f5 g5
16. h4 h6 $11 17. Neg4 Nf7 18. hxg5 hxg5 19. Rf3 Ne8 20. Rh3 Kg7 21. Nf3 Rh8
22. Rxh8 Nxh8 23. Kf2 Bf8 24. Be3 Kg8 25. Qd2 Qg7 26. Rh1 Be7 27. c4 Rb8 28.
Rh3 Nf7 29. Qe1 b5 30. cxb5 axb5 31. Qh1 Bd8 32. Nh6+ Kf8 33. Nxf7 Qxf7 34.
Rh8+ Ke7 35. Rh7 Ng7 36. Qh6 Kf8 37. Nxe5 dxe5 38. Bxc5+ 1-0

[Event "II Liga SSCS 2015 - Istok"]
[Site "VRNJAÈKA BANJA - Hotel "]
[Date "2015.08.30"]
[Round "4.6"]
[White "TODOROVIC, Nenad I  **"]
[Black "BLAGOJEVIC, Vladan"]
[Result "1-0"]
[WhiteElo "2273"]
[BlackElo "2136"]
[PlyCount "131"]
[EventDate "2015.08.28"]

1. e4 e6 2. d4 b6 3. Nf3 Bb7 4. Bd3 d6 5. O-O g6 6. Bg5 Qd7 7. Nbd2 Bg7 8. e5
Ne7 9. Ne4 Bxe4 10. Bxe4 d5 11. Bd3 c5 12. c3 c4 13. Bc2 Nbc6 14. Re1 a6 15.
Qd2 O-O-O 16. b3 Na5 17. bxc4 Nxc4 18. Qe2 Kb7 19. Bd3 Rc8 20. Nd2 h6 21. Bxe7
Qxe7 22. Bxc4 dxc4 23. Nxc4 Ka7 24. Rac1 Qd7 25. Nd6 Rc7 26. c4 f6 27. c5 bxc5
28. exf6 Bxf6 29. dxc5 Bd4 30. Qe4 e5 31. Qxg6 Rc6 32. Qg3 Rb8 33. Rb1 Rxb1 34.
Rxb1 Bxc5 35. Rb7+ Qxb7 36. Nxb7 Bd4 37. Qa3 Kxb7 38. Kf1 Rc3 39. Qb4+ Kc6 40.
Qa4+ Kb6 41. Ke2 Kc5 42. Qa5+ Kc4 43. Qxa6+ Kd5 44. Qb5+ Ke4 45. f3+ Kf4 46.
g3+ Kf5 47. Qd7+ Kf6 48. Qd6+ Kg7 49. Qe7+ Kg6 50. Qe6+ Kg7 51. Qf5 Rc7 52. h4
Rf7 53. Qg4+ Kf6 54. h5 Rg7 55. Qh4+ Kf5 56. Qe4+ Ke6 57. Qc6+ Kf5 58. g4+ Kg5
59. a4 Ra7 60. Kd3 Kf4 61. Kc4 Kg3 62. Kb5 Rf7 63. Qxh6 Kxf3 64. Qc6+ e4 65. h6
Kf4 66. Qd5 1-0

[Event "II Liga SSCS 2015 - Istok"]
[Site "VRNJAÈKA BANJA - Hotel "]
[Date "2015.08.30"]
[Round "4.6"]
[White "RADOVIC, Luka  **"]
[Black "BURA, Goran"]
[Result "0-1"]
[WhiteElo "2286"]
[BlackElo "2270"]
[PlyCount "58"]
[EventDate "2015.08.28"]

1. Nf3 g6 2. g3 Bg7 3. c4 e5 4. Nc3 Ne7 5. Bg2 Nbc6 6. O-O O-O 7. d3 d6 8. Rb1
a5 9. a3 Nd4 10. e3 Nxf3+ 11. Bxf3 c6 12. b4 axb4 13. axb4 f5 14. Qb3 Be6 15.
b5 Qd7 16. Bd2 Ra7 17. bxc6 bxc6 18. Na4 g5 19. Bc3 f4 20. Be4 f3 21. d4 exd4
22. Bxd4 Bxd4 23. exd4 Bf5 24. Nb6 Qe6 25. Bxf3 Bxb1 26. Rxb1 Qf5 27. Bg2 Qxf2+
28. Kh1 Ra2 29. Rg1 Rb2 0-1

[Event "II Liga SSCS 2015 - Istok"]
[Site "VRNJAÈKA BANJA - Hotel "]
[Date "2015.08.30"]
[Round "4.6"]
[White "NJEGIC, Vladimir"]
[Black "RADOVIC, Janko  **"]
[Result "0-1"]
[WhiteElo "2147"]
[BlackElo "2270"]
[PlyCount "48"]
[EventDate "2015.08.28"]

1. Nf3 Nf6 2. c4 e6 3. d4 b6 4. Nc3 Bb7 5. e3 Be7 6. Bd3 O-O 7. O-O d5 8. cxd5
exd5 9. Ne5 Nbd7 10. Qc2 c5 11. Nxd7 Qxd7 12. dxc5 bxc5 13. Bf5 Qc6 14. Bh3
Rfd8 15. Rd1 d4 16. Ne2 d3 17. Rxd3 Rxd3 18. Qxd3 Rd8 19. Qc2 Qe4 20. Qb3 c4
21. f3 cxb3 22. fxe4 Rd1+ 23. Kf2 Nxe4+ 24. Kf3 Rf1+ 0-1

[Event "II Liga SSCS 2015 - Istok"]
[Site "VRNJAÈKA BANJA - Hotel "]
[Date "2015.08.30"]
[Round "4.6"]
[White "DJURETANOVIC, Ivan"]
[Black "MICKOVIC, Slavisa"]
[Result "1-0"]
[WhiteElo "2010"]
[BlackElo "2092"]
[PlyCount "134"]
[EventDate "2015.08.28"]

1. e4 e6 2. d4 d5 3. Nc3 Bb4 4. Bd3 dxe4 5. Bxe4 Nf6 6. Bd3 Nbd7 7. Nf3 c5 8.
a3 Ba5 9. O-O cxd4 10. Nxd4 O-O 11. b4 Bc7 12. Nf3 Ne5 13. Be2 Ng6 14. Bb2 Nf4
15. Re1 a6 16. Bf1 Bd7 17. g3 Ng6 18. Qe2 Bb6 19. Rad1 Qc7 20. Ne4 Nxe4 21.
Qxe4 Bc6 22. Qe2 Bxf3 23. Qxf3 Qxc2 24. Bd4 Bxd4 25. Rxd4 b5 26. Rd7 Rad8 27.
Ra7 Rd6 28. h4 Qd2 29. Re3 Qd4 30. Ra8 Qb6 31. h5 Rxa8 32. Qxa8+ Rd8 33. Qe4
Ne7 34. Rd3 Rxd3 35. Bxd3 f5 36. Qa8+ Kf7 37. h6 gxh6 38. Qh8 Qd6 39. Qxh7+ Ke8
40. Be2 e5 41. Bh5+ Kd7 42. Qh8 Kc6 43. Qf8 Kb6 44. Be2 e4 45. Bf1 Kc7 46. Kg2
Qe6 47. Qa8 Qc6 48. Qa7+ Kd6 49. Qe3 Kd7 50. Kh2 Nd5 51. Qd4 Qd6 52. Bh3 Ne7
53. Qxe4 Qf6 54. Qf4 Ke6 55. Bg2 Kf7 56. Bf3 Kg7 57. Qc7 Kg6 58. Qb8 Kg7 59.
Qc7 Kg6 60. Bb7 h5 61. Bxa6 Nd5 62. Qc5 f4 63. Bxb5 fxg3+ 64. fxg3 Qb2+ 65. Kh3
Qe5 66. Bd3+ Kg5 67. Qc6 Nf6 1-0

[Event "II Liga SSCS 2015 - Istok"]
[Site "VRNJAÈKA BANJA - Hotel "]
[Date "2015.08.30"]
[Round "4.6"]
[White "KOSTIC, Tomislav  **"]
[Black "LAZIC, Milan B"]
[Result "1-0"]
[WhiteElo "1983"]
[BlackElo "1990"]
[PlyCount "117"]
[EventDate "2015.08.28"]

1. e4 c5 2. Nf3 Nc6 3. d4 cxd4 4. Nxd4 g6 5. Nc3 Bg7 6. Be3 Nf6 7. Nxc6 bxc6 8.
e5 Ng8 9. Bd4 c5 10. Bxc5 Qc7 11. Bd4 Bxe5 12. f4 Bxd4 13. Qxd4 Nf6 14. O-O-O
O-O 15. Bc4 d6 16. Rhe1 Bb7 17. Rd2 Rfc8 18. Bb3 Ne8 19. Rde2 e6 20. Rxe6 Qc5
21. Qxc5 dxc5 22. Re7 Bxg2 23. Bxf7+ Kf8 24. Bd5 Bxd5 25. Nxd5 Ng7 26. Nf6 h6
27. Ng4 Nf5 28. R7e6 Re8 29. Rxe8+ Rxe8 30. Rxe8+ Kxe8 31. Kd2 Ke7 32. Kd3 Kd6
33. Ke4 Ke6 34. c3 h5 35. Ne3 Nd6+ 36. Kd3 h4 37. h3 Nf7 38. Kc4 Kd6 39. Kb5 g5
40. fxg5 Nxg5 41. a4 Nxh3 42. Nf5+ Kd5 43. c4+ Ke5 44. Nxh4 Nf4 45. Nf3+ Ke4
46. Nd2+ Kd3 47. Nb3 Kc2 48. Nxc5 Kxb2 49. a5 Kc3 50. a6 Ne2 51. Ne4+ Kb3 52.
Nd6 Nc3+ 53. Kc6 Kb4 54. c5 Ka5 55. Kb7 Nd5 56. c6 Ne7 57. c7 Kb4 58. c8=Q Nxc8
59. Nxc8 1-0

[Event "II Liga SSCS 2015 - Istok"]
[Site "VRNJAÈKA BANJA - Hotel "]
[Date "2015.08.30"]
[Round "4.6"]
[White "DRAGOJEVIC, Dragan"]
[Black "KOSTIC, Marko **"]
[Result "0-1"]
[WhiteElo "1949"]
[BlackElo "1938"]
[PlyCount "94"]
[EventDate "2015.08.28"]

1. e4 e5 2. Nf3 Nc6 3. Bc4 Bc5 4. c3 Nf6 5. d3 d6 6. b4 Bb6 7. a4 a5 8. b5 Ne7
9. O-O Be6 10. Bxe6 fxe6 11. Ng5 Qd7 12. Qb3 d5 13. Ba3 Ng6 14. Nd2 h6 15. Ngf3
Kf7 16. Rad1 Rhe8 17. c4 Kg8 18. c5 Ba7 19. Qb2 c6 20. b6 Bb8 21. Rfe1 Qf7 22.
Rf1 Rf8 23. Ne1 Nf4 24. f3 g5 25. Rf2 Kh7 26. Nf1 Rg8 27. Qc2 g4 28. Bc1 Qh5
29. Ng3 Qg6 30. Nf1 N6h5 31. fxg4 Qxg4 32. Rf3 Qg6 33. Qf2 dxe4 34. dxe4 Qxe4
35. Ng3 Qg6 36. Rd7+ Rg7 37. Rxg7+ Nxg7 38. Ne2 Nxe2+ 39. Qxe2 e4 40. Rh3 h5
41. Rh4 Be5 42. Rxe4 Bc3 43. Nf3 Qf5 44. Qe3 Bb4 45. Re5 Qc2 46. Ng5+ Kg8 47.
Ne4 Qd1+ 0-1

[Event "II Liga SSCS 2015 - Istok"]
[Site "VRNJAÈKA BANJA - Hotel "]
[Date "2015.08.30"]
[Round "4.6"]
[White "DUBRAVCIC, Nikola  **"]
[Black "MITIC, Zoran"]
[Result "0-1"]
[WhiteElo "1862"]
[BlackElo "1943"]
[PlyCount "103"]
[EventDate "2015.08.28"]

1. e4 e6 2. d3 d5 3. Qe2 Nf6 4. Nf3 Be7 5. g3 b6 6. Bg2 Bb7 7. Nbd2 c5 8. O-O
O-O 9. Re1 Re8 10. c3 Nc6 11. exd5 exd5 12. d4 Bd6 13. Qd1 Qc7 14. Rxe8+ Rxe8
15. dxc5 bxc5 16. Nb3 h6 17. Be3 Na5 18. Nxa5 Qxa5 19. Qb3 Rb8 20. Qc2 Bc6 21.
b4 Ba4 22. Qf5 cxb4 23. Bxh6 Bf8 24. cxb4 Qxb4 25. Be3 Bc5 26. Bf4 Bd7 27. Qd3
Bb5 28. Qf5 Re8 29. Be5 Bd7 30. Qg5 Bxf2+ 31. Kh1 Re6 32. Rf1 Bc5 33. Bh3 Qb5
34. Rc1 Rxe5 35. Bxd7 Nxd7 36. Nxe5 f6 37. Qd2 Nxe5 38. Qxd5+ Kh7 39. Qxc5 Qb7+
40. Kg1 Nf3+ 41. Kf2 Ne5 42. Qc2+ Kh6 43. Qc3 Ng4+ 44. Kg1 Qb6+ 45. Qc5 Qb2 46.
Rc2 Qb1+ 47. Kg2 Qxc2+ 48. Qxc2 Ne3+ 49. Kf3 Nxc2 50. Ke2 Kg6 51. Kd2 Nb4 52.
a3 0-1